00733nam a22002417a 450000500170000001000110001702000100002803500110003803700160004904000120006508200130007710000270009024500460011726000370016327000350020030000230023550000190025865000210027765000300029894200220032899900190035095201220036920170124105945.0 a476428 c00.00 a476428 bCen Lib/Ret aDPLbEN a301bAYO aAyodhya, Prasad912205 aThe basis of society /cby Ayodhya Prasad aBombay bPopular Prakashanc1967 a35 C Tardeo Road bBombay  axii,75p.c20cm(Hb) aIncludes index aSociology912206 aPolitical sociology94210 2ddccENh301mAYO c124866d124866 00104070aLbLd2015-06-18eCen Lib/Ret g0.00l0o301 AYOp476428r2015-06-18 00:00:00t1v0.00w2015-06-18yEN